000 00278nam a2200121Ia 4500
008 190216s9999||||xx |||||||||||||| ||und||
100 _aNidha Fazh
245 0 _aHindi - Amko Bhar Aakash
260 _bDivi International
_c2001
300 _a160
650 _aHindi
942 _cBK
999 _c16149
_d16149